000 00299nam a22001337a 4500
020 _a978-93-86021-10-6
082 _a200
_bTHA/W
100 _aTHAROOR, SHASHI
245 _aWHY I AM A HINDU
260 _aDELHI
_bALEPH BOOK COMPANY
_c2018
300 _a302
650 _aSPIRITUAL
_zINDIA
942 _cBK
999 _c4990
_d4990